000 00726nam a22002657a 4500
001 1933
003 CO-MdFUSB
005 20180622072725.0
008 170518t1998 s ||||| |||| 00| 0 s d
020 _a84-8267-032-8
040 _aCO-MdFUSB
_bspa
_cCO-MdFUSB
_dCO-MdFUSBC
_erda
041 0 _aspa
082 0 4 _aG 220.601 C9573p
100 1 _aCruz, Antonio
_eautor
245 0 _aParábolas de Jesús en el mundo postmoderno
_c \ Antonio Cruz
260 _a
264 4 _aTerrassa, España :
_b CLIE,
_c©1998
300 _a555 Pag
336 _2rdacontent
_a1
_ba1
337 _2rdamedia
_a2
_b5
338 _2rdacarrier
_a2
_b5
653 _aParábolas bíblicas
653 _aInterpretación de la Biblia
942 _cBK
999 _c33048
_d33048